000 00247nam a2200097Ia 4500
005 20251222114407.0
008 251222s1900||||xx |||||||||||||| ||spa||
082 _aDVD0120/L21.2/2004
245 0 _aOtto Klemperer: Beethoven Symphony N°9:
942 _cDVD
999 _c1894
_d1894